000 00470nam a2200193Ia 4500
001 14212
003 GE_BSU
008 181216s||||||||xx |||||||||||||| ||und||
040 _cGE_BSU
080 _a641
100 _aTurner,B.C.A.
245 4 _aThe Boots Book of Home Wine Making and Brewing
260 _aLondon
260 _bWolfe Publishing LTD
260 _c1970
300 _a192p.ill.
653 _aThe Boots Book of Home Wine Making and Brewing
942 _cBK
999 _c47351
_d47351